| 000 -ლიდერი |
| ფიქსირებული სიგრძის საკონტროლო ველი |
01394nam a22002297a 4500 |
| 003 - საკონტროლო ნომრის იდენტიფიკატორი |
| საკონტროლო ველი |
Ge_BSU |
| 005 - ბოლო ოპერაციის თარიღი და დრო |
| საკონტროლო ველი |
20250319121625.0 |
| 008 - ფიქსირებული სიგრძის მონაცემთა ელემენტები - ზოგადი ინფორმაცია |
| ფიქსირებული სიგრძის საკონტროლო ველი |
250319s1998 ge ||||| |||| 00| 0 geo d |
| 020 ## - წიგნის საერთაშორისო სტანდარტული ნომერი |
| International Standard Book Number |
9992828617 |
| 041 ## - ენის კოდი |
| Language code of text/sound track or separate title |
geo |
| 080 ## - უნივერსალური ათობითი კლასიფიკაციის ინდექსი |
| Universal Decimal Classification number |
616.1/4(075.8) შ-66 |
| 245 ## - ცნობა სათაურის შესახებ |
| Title |
შინაგანი სნეულებები : |
| Remainder of title |
[სახელმძღვ. სამედ. უნ-ტისა და სამედ. ინ-ტების სტუდ. / |
| Statement of responsibility, etc |
ავტ.: ნ. ტატიშვილი, გ. სიმონია, ი. ანდრონიკაშვილი და სხვ.]; მთ. რედ.: ნ. ტატიშვილი, რედ.: გ. სიმონია; საქ. ჯანმრთ. დაცვის სამინ., თბილ. სახელმწ. სამედ. უნ-ტი. |
| 250 ## - გამოცემის ცნობა |
| Edition statement |
[პირველი გამოცემა] |
| 264 ## - წარმოების, გამოცემის, დისტრიბუციის და სხვა ცნობები |
| გამოცემის, წარმოების, დისტრიბუციის... ადგილი |
თბ. : |
| გამოცემის, წარმოების, დისტრიბუციის... სახელწოდება |
საქართველოს მაცნე, |
| გამოცემის, წარმოების, დისტრიბუციის... თარიღი |
1998. |
| 300 ## - ფიზიკური აღწერა |
| Extent |
785 გვ.: |
| Other physical details |
ილ.; |
| Dimensions |
29 სმ. |
| 504 ## - BIBLIOGRAPHY, ETC. NOTE |
| Bibliography, etc |
ბიბლიოგრ. გვ.763 |
| 653 ## - INDEX TERM--UNCONTROLLED |
| Uncontrolled term |
შინაგანი დაავადებები |
| 653 ## - INDEX TERM--UNCONTROLLED |
| Uncontrolled term |
მედიცინა |
| 700 ## - ADDED ENTRY--PERSONAL NAME |
| Personal name |
ტატიშვილი, ნ. |
| Relator term |
რედაქტორი |
| 9 (RLIN) |
3231 |
| 700 ## - ADDED ENTRY--PERSONAL NAME |
| Personal name |
სიმონია, გ. |
| Relator term |
რედაქტორი |
| 9 (RLIN) |
3229 |
| 942 ## - ADDED ENTRY ELEMENTS (KOHA) |
| Source of classification or shelving scheme |
|
| Koha item type |
წიგნი |